01097nam a2200277 a 4500001001000000003000900010005001700019007001000036008004100046020001800087040002200105100002900127245013700156260006300293300004300356490002400399504005600423650005000479650003400529650006800563650004600631700004700677700002600724710004500750830002400795000020243DO-SdBNP20230202124151.0000020243100730s2008 dr abc 001 0 spa d z9789993442844 aBPMSUbspacBPMSU1 aSilié, Rubén,b1946-13aEl gran Caribe :bun solo mar y doce premios nobel /cRubén Silié, Jotamario Arbeláez ; presentación José Rafael Lantigua. aSanto Domingo :bSecretaría de Estado de Cultura,c2008. a196 p. :bil., mapas, retrs. ;c26 cm.1 aEdiciones Ferilibro aIncluye bibliografía y notas al pie de páginas. 4aLiteratura caribeña xHistoria y crítica  4aPremios Nobel xBiografías  4aIntelectuales zCaribe (Región)xEnsayos, conferencias, etc.  4aMédicos zCaribe (Región )xPremios 12aLantigua, José Rafael,d1949-,epresent.12aArbeláez, Jotamario2 aAsociación de Estados del Caribe (AEC) 0aEdiciones Ferilibro